| 000 | 00497cam a2200157 4500 | ||
|---|---|---|---|
| 082 |
_a624.15136 _bMEA _cl-16, p-23 |
||
| 100 | 1 |
_aMeans, R. E. _942542 |
|
| 245 | 1 | 0 |
_aPhysical properties of soils _c[by] R. E. Means [and] J. V. Parcher. |
| 260 |
_aColumbus, Ohio, _bC. E. Merrill Books _c[c1963] |
||
| 300 |
_axv, 464 p. _billus. _c24 cm. |
||
| 526 |
_a0 _b0 _c0 _d624_151360000000000_MEA |
||
| 650 | 0 |
_aMCE _9379 |
|
| 650 | 0 | _aSoil mechanics. | |
| 700 | 1 |
_aParcher, James V., _942543 |
|
| 942 |
_2ddc _cBK |
||
| 999 |
_c546421 _d546421 |
||